000 01131cab a2200265 4500
001 ABS44661
008 090401t1991 xxu||||| |||| 00| 0 eng d
035 _a(Sirsi) u48307
041 _aeng
100 _aTromans, S.
245 _aEnvironmental Protection Act 1990 : its relevance to planning controls
260 _c1991
350 _a0
490 _aJournal of Planning and Environment Law
_vJune 1991, 507-515(9)
520 _aConsiders three areas where the Environmental Protection Act 1990 directly affects planning . It amends the Planning (Hazardous Substances) Act 1990 controlling waste management activities on land, the new provisions for integrated pollution control and air pollution control from prescribed industrial processes. Comments on the relationship between the planning system and the growing body of environmental law .
650 _aLANDFILL
650 _aPLANNING AND COMPENSATION BILL
650 _aPLANNING CONTROL
650 _aPOLLUTION
650 _aWASTE DISPOSAL
690 _aENVIRONMENTAL AND LAND CONSULTANCY
700 _aClarkson, M.
942 _n0
948 _c04/03/1997
999 _c30343
_d30343